[Event "CZE-ch rapid U20"]
[Site "Ceska Trebova"]
[Date "2020.09.19"]
[Round "3"]
[White "Machacek, Lukas"]
[Black "Volak, Simon"]
[Result "0-1"]
[WhiteElo "1519"]
[BlackElo "1681"]
[PlyCount "116"]
[EventDate "2020.09.19"]
[EventType "swiss (rapid)"]
[EventRounds "9"]
[EventCountry "CZE"]
[SourceTitle "CBM 198 Extra"]
[Source "ChessBase"]
[SourceDate "2020.11.30"]
[SourceVersion "1"]
[SourceVersionDate "2020.11.30"]
[SourceQuality "1"]

1. d4 Nf6 2. Bf4 g6 3. e3 Bg7 4. Nf3 d6 5. h3 0-0 6. Bd3 Nbd7 7. 0-0 Qe8 8. Nbd2 e5 9. dxe5 dxe5 10. Bh2 e4 11. Bxc7 exd3 12. Bd6 dxc2 13. Qxc2 Nb6 14. Bxf8 Qxf8 15. Nd4 Nbd5 16. Rac1 Bd7 17. Rfd1 Qe7 18. Qb3 Rb8 19. N2f3 Qb4 20. Ne5 Qxb3 21. Nxb3 Nb6 22. Rc7 Be6 23. Nc5 Nfd5 24. Rxb7 Rxb7 25. Nxb7 Bxe5 26. b3 Nc3 27. Rd2 Nbd5 28. Nc5 Nb4 29. a3 Nbd5 30. e4 Nb6 31. a4 a5 32. Rd8+ Kg7 33. b4 axb4 34. a5 Nc4 35. a6 Nb5 36. Nxe6+ fxe6 37. Rd7+ Kf6 38. Rb7 Ncd6 39. Rb6 b3 40. a7 Nxa7 41. Rxb3 Nab5 42. g3 g5 43. f3 Nd4 44. Rd3 N6b5 45. Kf2 Bc7 46. g4 Bb6 47. Ke1 Ke5 48. Kd2 Ba5+ 49. Ke3 Nc2+ 50. Ke2 Nbd4+ 51. Kf2 Kf4 52. Kf1 Kg3 53. Kg1 Kxh3 54. f4+ Kxg4 55. f5 exf5 56. e5 Bb6 57. Kf1 f4 58. Rd2 Kf5 0-1

[Event "Pardubice Czech op-C 30th"]
[Site "Pardubice"]
[Date "2019.07.21"]
[Round "2"]
[White "Soural, Karel"]
[Black "Machacek, Lukas"]
[Result "1-0"]
[WhiteElo "1935"]
[BlackElo "1688"]
[PlyCount "39"]
[EventDate "2019.07.20"]
[EventType "swiss"]
[EventRounds "9"]
[EventCountry "CZE"]
[SourceTitle "EXT 2020"]
[Source "ChessBase"]
[SourceDate "2019.10.17"]
[SourceVersion "1"]
[SourceVersionDate "2019.10.17"]
[SourceQuality "1"]

1. e4 e6 2. d4 d5 3. exd5 exd5 4. Bd3 c5 5. Qe2+ Be7 6. dxc5 Nf6 7. Nf3 0-0 8. 0-0 Bxc5 9. c3 Bg4 10. h3 Re8 11. Qd1 Bh5 12. Bg5 Nbd7 13. Nbd2 d4 14. cxd4 Be7 15. Qb3 Qb6 16. Bb5 Rad8 17. Rfe1 Bxf3 18. Nxf3 Qd6 19. Bc4 Rf8 20. Ne5 1-0

[Event "CZE-chT1E 1819"]
[Site "Czech Republic"]
[Date "2019.02.17"]
[Round "8.8"]
[White "Machacek, Lukas"]
[Black "Kostka, Vit"]
[Result "1/2-1/2"]
[WhiteElo "1731"]
[BlackElo "2146"]
[PlyCount "23"]
[EventDate "2018.10.21"]
[EventType "team-tourn"]
[EventRounds "11"]
[EventCountry "CZE"]
[SourceTitle "CBM 189 Extra"]
[Source "ChessBase"]
[SourceDate "2019.05.31"]
[SourceVersion "1"]
[SourceVersionDate "2019.05.31"]
[SourceQuality "1"]
[WhiteTeam "Stare Mesto"]
[BlackTeam "Orlova Slavia"]
[WhiteTeamCountry "CZE"]
[BlackTeamCountry "CZE"]

1. e4 c5 2. c3 g6 3. d4 cxd4 4. cxd4 d5 5. e5 Bg7 6. Nf3 Nc6 7. Bb5 f6 8. Bf4 a6 9. Bxc6+ bxc6 10. 0-0 Qb6 11. Qd2 f5 12. Nc3 1/2-1/2

[Event "CZE-chT U18 Extraliga Ost 1819"]
[Site "Czech Republic"]
[Date "2019.01.19"]
[Round "6.6"]
[White "Machacek, Lukas"]
[Black "Steinova, Kamila"]
[Result "1-0"]
[WhiteElo "1731"]
[BlackElo "1367"]
[PlyCount "111"]
[EventDate "2018.10.05"]
[EventType "team-tourn"]
[EventRounds "11"]
[EventCountry "CZE"]
[SourceTitle "EXT 2023"]
[Source "ChessBase"]
[SourceDate "2022.10.05"]
[SourceVersion "1"]
[SourceVersionDate "2022.10.05"]
[SourceQuality "1"]
[WhiteTeam "Stare Mesto (U18)"]
[BlackTeam "Vlasim (U18)"]
[WhiteTeamCountry "CZE"]
[BlackTeamCountry "CZE"]

1. e4 e5 2. Nf3 Nc6 3. Bc4 Be7 4. 0-0 Nf6 5. Nc3 0-0 6. d4 exd4 7. Nxd4 d6 8. Bf4 Bd7 9. Re1 h6 10. Nxc6 bxc6 11. e5 dxe5 12. Bxe5 Re8 13. Qd2 Qc8 14. Rad1 Bf5 15. Bb3 Nd7 16. Qf4 Nxe5 17. Rxe5 Bg6 18. Rde1 Qd7 19. Qe3 Kf8 20. Ne4 Bb4 21. Nc5 Bxc5 22. Qxc5+ Qd6 23. Rxe8+ Rxe8 24. Rxe8+ Kxe8 25. Qe3+ Kd7 26. c3 Qe7 27. Qd4+ Ke8 28. h3 c5 29. Qxg7 Qg5 30. g3 Qc1+ 31. Kh2 Qd2 32. Qe5+ Kd8 33. Qd5+ Qxd5 34. Bxd5 Kd7 35. Kg2 Kd6 36. Bc4 Ke5 37. Kf3 f6 38. Ke3 a5 39. Bd3 Bxd3 40. Kxd3 Kd5 41. a3 c4+ 42. Ke3 Ke5 43. f4+ Kd5 44. g4 c5 45. h4 Ke6 46. Ke4 a4 47. f5+ Kd6 48. Kf4 Ke7 49. g5 fxg5+ 50. hxg5 hxg5+ 51. Kxg5 Kf7 52. f6 Kf8 53. Kf5 Kf7 54. Ke5 Kf8 55. Kd5 Kf7 56. Kxc4 1-0

[Event "CZE-chT U18 Extraliga Ost 1819"]
[Site "Czech Republic"]
[Date "2018.10.06"]
[Round "1.6"]
[White "Kanak, Matyas"]
[Black "Machacek, Lukas"]
[Result "1-0"]
[WhiteElo "1523"]
[BlackElo "1731"]
[PlyCount "129"]
[EventDate "2018.10.05"]
[EventType "team-tourn"]
[EventRounds "11"]
[EventCountry "CZE"]
[SourceTitle "EXT 2023"]
[Source "ChessBase"]
[SourceDate "2022.10.05"]
[SourceVersion "1"]
[SourceVersionDate "2022.10.05"]
[SourceQuality "1"]
[WhiteTeam "Frydek Mistek Interchess (U18)"]
[BlackTeam "Stare Mesto (U18)"]
[WhiteTeamCountry "CZE"]
[BlackTeamCountry "CZE"]

1. e4 c5 2. Nf3 d6 3. d4 cxd4 4. Nxd4 Nf6 5. Nc3 g6 6. f3 Bg7 7. Be3 Nc6 8. Bc4 0-0 9. Bb3 Bd7 10. Qd2 Rc8 11. 0-0-0 Na5 12. g4 Nc4 13. Bxc4 Rxc4 14. h4 h5 15. gxh5 Nxh5 16. Rhg1 a6 17. Qe2 b5 18. Kb1 Qb8 19. Qf2 a5 20. f4 e5 21. Nb3 b4 22. Nxa5 bxc3 23. Nxc4 Be6 24. Nb6 exf4 25. Bd4 cxb2 26. Bxg7 Nxg7 27. Qd4 Qa7 28. Na4 Ra8 29. Qxa7 Rxa7 30. Nc3 Rb7 31. Rgf1 Nh5 32. Rxd6 Rb4 33. a3 Rb8 34. Ne2 Bg4 35. Nxf4 Ng3 36. Re1 Bf3 37. Rd4 Bg4 38. Rb4 Rd8 39. Kxb2 Bc8 40. Rb8 Kf8 41. Nd5 Ke8 42. Nb6 Be6 43. Rxd8+ Kxd8 44. a4 Kc7 45. a5 Kb7 46. Kc3 Nh5 47. Kb4 Nf6 48. c4 Ne8 49. Rd1 Nc7 50. Rd6 Na6+ 51. Kc3 Nc5 52. Rd4 Ka6 53. Kb4 Nb7 54. Nd7 Ka7 55. Nc5 Nxc5 56. Kxc5 Ka6 57. Rd8 Kb7 58. Kb5 Bg4 59. a6+ Ka7 60. e5 Be6 61. Rf8 Bd7+ 62. Ka5 Be6 63. c5 Bd5 64. c6 Bxc6 65. Rxf7+ 1-0

[Event "CZE-chT U18 Extraliga final-B 1718"]
[Site "Czech Republic"]
[Date "2018.04.22"]
[Round "11.5"]
[White "Svacina, Tobias"]
[Black "Machacek, Lukas"]
[Result "0-1"]
[WhiteElo "1457"]
[BlackElo "1590"]
[PlyCount "90"]
[EventDate "2017.10.07"]
[EventType "team-tourn"]
[EventRounds "11"]
[EventCountry "CZE"]
[SourceTitle "EXT 2023"]
[Source "ChessBase"]
[SourceDate "2022.10.05"]
[SourceVersion "1"]
[SourceVersionDate "2022.10.05"]
[SourceQuality "1"]
[WhiteTeam "Praha Promat Oaza (U18)"]
[BlackTeam "Stare Mesto (U18)"]
[WhiteTeamCountry "CZE"]
[BlackTeamCountry "CZE"]

1. e4 c5 2. Nf3 d6 3. d4 cxd4 4. Nxd4 Nf6 5. Nc3 g6 6. h3 Bg7 7. Be3 Nc6 8. Bc4 0-0 9. 0-0 Bd7 10. Re1 Rc8 11. Bb3 Ne5 12. Nf3 Nc6 13. Nd4 Qa5 14. Qd2 Rfe8 15. Rad1 Ne5 16. Qe2 a6 17. Nf3 Nxf3+ 18. Qxf3 Bc6 19. Re2 b5 20. Qf4 b4 21. Nd5 Bxd5 22. Bxd5 Nxd5 23. exd5 Qxa2 24. Qxb4 Qxb2 25. Rb1 Qxb4 26. Rxb4 Be5 27. Ra4 Rb8 28. g3 Rb1+ 29. Kg2 Ra1 30. Rxa1 Bxa1 31. Bd2 Bf6 32. c4 Rb8 33. Ba5 Rb1 34. Ra2 Rc1 35. Ra4 Rc2 36. Bb6 Bg5 37. Kf3 Bd2 38. Ke4 Be1 39. Kf3 Kg7 40. Ra1 Bb4 41. Bd4+ f6 42. Rxa6 Rxc4 43. Be3 Bc3 44. Ra7 Kf7 45. Bb6 Bd4 0-1

[Event "CZE-chT U18 Extraliga final-B 1718"]
[Site "Czech Republic"]
[Date "2018.04.20"]
[Round "8.5"]
[White "Machacek, Lukas"]
[Black "Vilimova, Julie"]
[Result "0-1"]
[WhiteElo "1590"]
[BlackElo "1136"]
[PlyCount "76"]
[EventDate "2017.10.07"]
[EventType "team-tourn"]
[EventRounds "11"]
[EventCountry "CZE"]
[SourceTitle "EXT 2023"]
[Source "ChessBase"]
[SourceDate "2022.10.05"]
[SourceVersion "1"]
[SourceVersionDate "2022.10.05"]
[SourceQuality "1"]
[WhiteTeam "Stare Mesto (U18)"]
[BlackTeam "Ricany (U18)"]
[WhiteTeamCountry "CZE"]
[BlackTeamCountry "CZE"]

1. e4 c5 2. d4 cxd4 3. c3 d3 4. Bxd3 Nc6 5. Nf3 d6 6. h3 g6 7. 0-0 Bg7 8. Re1 e6 9. Bf4 Nge7 10. Bb5 e5 11. Be3 0-0 12. Nbd2 a6 13. Bxc6 bxc6 14. Nc4 d5 15. Bb6 Qd7 16. Nfxe5 Qb7 17. exd5 cxd5 18. Bc5 dxc4 19. Nxc4 Be6 20. b3 Rfd8 21. Qc2 Nd5 22. Bd4 Bxd4 23. cxd4 Rac8 24. Qe4 Qa7 25. Rac1 Nf6 26. Qe5 Qxd4 27. Qxd4 Rxd4 28. Nb6 Rxc1 29. Rxc1 Nd5 30. Nc4 Nb4 31. a3 Bxc4 32. Rxc4 Rxc4 33. bxc4 Nc6 34. Kf1 f5 35. Ke2 Kf7 36. f4 Ke6 37. Kd3 Kd6 38. g4 Kc5 0-1

[Event "CZE-chT U18 Extraliga Ost 1718"]
[Site "Czech Republic"]
[Date "2017.10.08"]
[Round "3.6"]
[White "Machacek, Lukas"]
[Black "Jirousek, Jan"]
[Result "1/2-1/2"]
[WhiteElo "1590"]
[BlackElo "1675"]
[PlyCount "70"]
[EventDate "2017.10.07"]
[EventType "team-tourn"]
[EventRounds "11"]
[EventCountry "CZE"]
[SourceTitle "EXT 2023"]
[Source "ChessBase"]
[SourceDate "2022.10.05"]
[SourceVersion "1"]
[SourceVersionDate "2022.10.05"]
[SourceQuality "1"]
[WhiteTeam "Stare Mesto (U18)"]
[BlackTeam "Polabiny (U18)"]
[WhiteTeamCountry "CZE"]
[BlackTeamCountry "CZE"]

1. e4 c6 2. d4 d5 3. e5 Bf5 4. h4 Qb6 5. g4 Bd7 6. Nc3 e6 7. Qd3 c5 8. Be3 Nc6 9. Nf3 cxd4 10. Bxd4 Nxd4 11. Qxd4 Bc5 12. Qd2 Bc6 13. Nd1 d4 14. Rh3 0-0-0 15. Bd3 Nh6 16. Qg5 Bb4+ 17. Kf1 Bf8 18. Kg1 Bb5 19. Rc1 Ng8 20. Qf4 Be8 21. c3 dxc3 22. Rxc3+ Kb8 23. Ng5 Rd4 24. Ne4 Qd8 25. Be2 Ne7 26. Rhd3 Bc6 27. Qe3 Rxd3 28. Rxd3 Nd5 29. Qd4 Be7 30. Ndc3 Nf4 31. Qxd8+ Rxd8 32. Rxd8+ Bxd8 33. Kf1 Nxe2 34. Kxe2 Bxe4 35. Nxe4 Be7 1/2-1/2

[Event "CZE-ch U14"]
[Site "Kouty nad Desnou"]
[Date "2017.03.17"]
[Round "8"]
[White "Machacek, Lukas"]
[Black "Kopec, Ladislav1"]
[Result "1-0"]
[WhiteElo "1579"]
[BlackElo "1713"]
[PlyCount "89"]
[EventDate "2017.03.11"]
[EventType "swiss"]
[EventRounds "9"]
[EventCountry "CZE"]
[SourceTitle "CBM 177 Extra"]
[Source "ChessBase"]
[SourceDate "2017.04.27"]
[SourceVersion "1"]
[SourceVersionDate "2017.04.27"]
[SourceQuality "1"]

1. e4 c5 2. d4 cxd4 3. c3 dxc3 4. Nxc3 Nc6 5. Nf3 g6 6. e5 Bg7 7. Bf4 Nh6 8. h3 Qb6 9. Qd2 Nf5 10. Nd5 Qd8 11. g4 e6 12. Bg5 Nfe7 13. Nf6+ Kf8 14. Bh6 Qa5 15. Qxa5 Nxa5 16. Bxg7+ Kxg7 17. h4 Nac6 18. g5 h5 19. Rd1 Rd8 20. Bb5 a6 21. Ba4 b5 22. Bb3 Ra7 23. 0-0 Rc7 24. Rfe1 Bb7 25. Rd2 Nb4 26. Nd4 Nbd5 27. Red1 Kf8 28. Nh7+ Kg7 29. Nf6 Kf8 30. Nh7+ Ke8 31. Ne2 Nf5 32. Bxd5 Bxd5 33. Nf6+ Ke7 34. Rxd5 exd5 35. Nxd5+ Ke6 36. Nxc7+ Kxe5 37. Nxa6 Nxh4 38. Nc5 d5 39. f4+ Kf5 40. Rf1 Kg4 41. Kf2 d4 42. Rg1+ Kh3 43. Rg3+ Kh2 44. Ng1 Ng2 45. Rh3# 1-0

[Event "CZE-ch U14"]
[Site "Kouty nad Desnou"]
[Date "2017.03.14"]
[Round "5"]
[White "Volak, Simon"]
[Black "Machacek, Lukas"]
[Result "1-0"]
[WhiteElo "1691"]
[BlackElo "1579"]
[PlyCount "57"]
[EventDate "2017.03.11"]
[EventType "swiss"]
[EventRounds "9"]
[EventCountry "CZE"]
[SourceTitle "CBM 177 Extra"]
[Source "ChessBase"]
[SourceDate "2017.04.27"]
[SourceVersion "1"]
[SourceVersionDate "2017.04.27"]
[SourceQuality "1"]

1. c4 e6 2. Nc3 d5 3. cxd5 exd5 4. d4 Nf6 5. Bg5 Bb4 6. Nf3 h6 7. Bh4 g5 8. Bg3 Ne4 9. Rc1 h5 10. h3 Nxg3 11. fxg3 Qd6 12. Kf2 Bf5 13. Nb5 Qe7 14. Nxc7+ Kf8 15. Nxa8 Nd7 16. Rc8+ Kg7 17. Rxh8 Kxh8 18. g4 Bg6 19. Qc1 f6 20. gxh5 Bxh5 21. g4 Bg6 22. h4 Kg7 23. hxg5 fxg5 24. Qxg5 Qxg5 25. Nxg5 Nf6 26. Rg1 Kh6 27. Ne6 Ne4+ 28. Kg2 Kh7 29. Nf4 1-0

[Event "CZE-ch U14"]
[Site "Kouty nad Desnou"]
[Date "2017.03.13"]
[Round "4"]
[White "Machacek, Lukas"]
[Black "Barak, David"]
[Result "1/2-1/2"]
[WhiteElo "1579"]
[BlackElo "1658"]
[PlyCount "109"]
[EventDate "2017.03.11"]
[EventType "swiss"]
[EventRounds "9"]
[EventCountry "CZE"]
[SourceTitle "CBM 177 Extra"]
[Source "ChessBase"]
[SourceDate "2017.04.27"]
[SourceVersion "1"]
[SourceVersionDate "2017.04.27"]
[SourceQuality "1"]

1. e4 c6 2. d4 d5 3. e5 Bf5 4. h4 h5 5. Bd3 Bxd3 6. Qxd3 e6 7. Bg5 Be7 8. f4 g6 9. Nf3 Nd7 10. 0-0 Qb6 11. Nbd2 Nh6 12. Bxh6 Rxh6 13. c4 Kf8 14. c5 Qd8 15. Ng5 Kg7 16. Qg3 Bxg5 17. fxg5 Rh8 18. Qf3 Qe7 19. Rf2 b6 20. b4 a5 21. Raf1 Raf8 22. a3 axb4 23. axb4 b5 24. Nb3 Nb8 25. g4 Na6 26. Ra1 Ra8 27. Rfa2 Qb7 28. Qf6+ Kg8 29. gxh5 Rxh5 30. Qf4 Kg7 31. Nc1 Rhh8 32. Nd3 Nc7 33. Qf6+ Kg8 34. Rxa8+ Nxa8 35. Nf2 Nc7 36. Ng4 Ne8 37. Qf2 Kg7 38. Nh6 Kf8 39. Rf1 Rh7 40. Qf3 Qe7 41. Qg4 Ng7 42. Ra1 Qb7 43. Qf3 Nf5 44. Nxf5 exf5 45. Qf4 Qc7 46. Kg2 Ke7 47. Kg3 Rh8 48. Ra5 Qb8 49. Qf3 Qg8 50. Ra6 Qc8 51. Ra1 Qg8 52. Qf4 Ke6 53. Qe3 Qh7 54. Rh1 Qh5 55. Qf3 1/2-1/2

[Event "CZE-ch U14"]
[Site "Kouty nad Desnou"]
[Date "2017.03.12"]
[Round "2"]
[White "Machacek, Lukas"]
[Black "Demko, Robert"]
[Result "1/2-1/2"]
[WhiteElo "1579"]
[BlackElo "1805"]
[PlyCount "63"]
[EventDate "2017.03.11"]
[EventType "swiss"]
[EventRounds "9"]
[EventCountry "CZE"]
[SourceTitle "CBM 177 Extra"]
[Source "ChessBase"]
[SourceDate "2017.04.27"]
[SourceVersion "1"]
[SourceVersionDate "2017.04.27"]
[SourceQuality "1"]

1. e4 c5 2. d4 cxd4 3. c3 dxc3 4. Nxc3 Nc6 5. Nf3 d6 6. Bc4 Nf6 7. 0-0 Bg4 8. Qb3 e6 9. Qxb7 Rc8 10. Bb5 Qd7 11. Qa6 Bxf3 12. gxf3 Be7 13. Ne2 e5 14. Be3 0-0 15. Rac1 Qh3 16. Rxc6 Rxc6 17. Qxc6 h5 18. Ng3 h4 19. Bxa7 hxg3 20. fxg3 Rc8 21. Qb7 Bf8 22. Bc6 d5 23. b4 d4 24. Rd1 Rd8 25. Bb6 Rc8 26. Bc7 Nh5 27. Bxe5 Qe6 28. Bd7 Qxe5 29. Qxc8 Nxg3 30. Kf2 Nxe4+ 31. fxe4 Qf4+ 32. Ke2 1/2-1/2

[Event "CZE-chT U18 Extraliga Ost 1617"]
[Site "Czech Republic"]
[Date "2016.10.01"]
[Round "1.6"]
[White "Machacek, Lukas"]
[Black "Svanda, Adam"]
[Result "0-1"]
[WhiteElo "1624"]
[BlackElo "1617"]
[PlyCount "116"]
[EventDate "2016.10.01"]
[EventType "team-tourn"]
[EventRounds "11"]
[EventCountry "CZE"]
[SourceTitle "EXT 2022"]
[Source "ChessBase"]
[SourceDate "2021.10.06"]
[SourceVersion "1"]
[SourceVersionDate "2021.10.06"]
[SourceQuality "1"]
[WhiteTeam "Stare Mesto U18"]
[BlackTeam "Policka Stefanydes U18"]
[WhiteTeamCountry "CZE"]
[BlackTeamCountry "CZE"]

1. e4 d5 2. exd5 Qxd5 3. Nc3 Qa5 4. d4 Nf6 5. Be2 c6 6. Nf3 Bf5 7. 0-0 e6 8. Bf4 Be7 9. Re1 0-0 10. h3 Bb4 11. Bd2 Nd5 12. Nxd5 cxd5 13. c3 Bd6 14. Qb3 Qc7 15. Rac1 Nc6 16. Be3 Na5 17. Qd1 Nc4 18. Bxc4 Qxc4 19. a3 Rac8 20. Ne5 Qc7 21. Qb3 b6 22. Kh1 Rfe8 23. Nf3 h6 24. Kg1 Be4 25. Red1 Bxf3 26. gxf3 Qc4 27. Qxc4 Rxc4 28. Kh1 Kh7 29. Rc2 Rec8 30. Rdc1 a5 31. Bd2 b5 32. b3 R4c6 33. Ra2 b4 34. axb4 axb4 35. Rac2 bxc3 36. Rxc3 Rxc3 37. Rxc3 Rb8 38. Kg2 Bb4 39. Rc2 Bxd2 40. Rxd2 Rxb3 41. Kg3 Kg6 42. Kg4 Rb1 43. Kg3 Kf5 44. Kg2 Rb3 45. Kg3 g5 46. Rd1 Kg6 47. Rd2 Rb1 48. Kg2 h5 49. Rd3 Kf5 50. Rd2 f6 51. Rd3 Rb5 52. Kg3 e5 53. dxe5 fxe5 54. Ra3 d4 55. Rd3 Rc5 56. Rd2 h4+ 57. Kg2 Rc3 58. Kf1 Kf4 0-1